ბათუმის შოთა რუსთაველის სახელმწიფო უნივერსიტეტის ბიბლიოთეკა

Основы физической химий. (ბიბ.ჩანაწერი № 47110)

000 -LEADER
fixed length control field 00616nam a2200217Ia 4500
001 - CONTROL NUMBER
control field 13968
003 - CONTROL NUMBER IDENTIFIER
control field GE_BSU
008 - FIXED-LENGTH DATA ELEMENTS--GENERAL INFORMATION
fixed length control field 181216s||||||||xx |||||||||||||| ||und||
040 ## - CATALOGING SOURCE
Transcribing agency GE_BSU
080 ## - UNIVERSAL DECIMAL CLASSIFICATION NUMBER
Universal Decimal Classification number 544(075.8)
100 ## - MAIN ENTRY--PERSONAL NAME
Personal name Петров,В.М.
245 ## - TITLE STATEMENT
Title Основы физической химий.
245 ## - TITLE STATEMENT
Remainder of title Учеб. пособие для вузов.
245 ## - TITLE STATEMENT
Statement of responsibility, etc. Ред. Г.С.Гольденберг.
260 ## - PUBLICATION, DISTRIBUTION, ETC.
Place of publication, distribution, etc. М.
260 ## - PUBLICATION, DISTRIBUTION, ETC.
Name of publisher, distributor, etc. Высш. школа.
260 ## - PUBLICATION, DISTRIBUTION, ETC.
Date of publication, distribution, etc. 1981.
300 ## - PHYSICAL DESCRIPTION
Extent 456 стр. с илл. 22 см.
653 ## - INDEX TERM--UNCONTROLLED
Uncontrolled term Основы физической химий.
942 ## - ADDED ENTRY ELEMENTS (KOHA)
Koha item type წიგნი
ეგზემპლარები
Withdrawn status Lost status Damaged status Not for loan Date acquired Barcode Date last seen Price effective from Koha item type
        2018-12-17 9628 2018-12-17 2018-12-17 წიგნი